Une lettre suffit pour répondre juste #3 (attention 10 lettres tuent) - Statistiques

Statistiques générales
  • Ce quiz a été pris 117 fois
  • Le résultat moyen est 2 sur 6
Statistiques - réponses
Hint Réponse % Correct
Donne une des 5 lettres qui forme le langage de balisage servant à écrire des pages pour le World Wide Web XHTML
100%
Donne une des 4 lettres qui complète la chanson Ne me quitte pas de Jacques Brel
On a vu souvent
Rejaillir le feu
De l'ancien volcan
Qu'on croyait trop vieux
Il est, paraît-il
Des terres brûlées
Donnant plus de blé
Qu'un meilleur avril
Et quand vient le ????
SOIR
40%
Donne une des 3 lettres du sigle qui correspond au nom de ce dessin animé en extrait
DBZ
30%
Donne une des 2 lettres qui compose le nom de cette série TV française en image
PJ
12%
Donne la seule lettre qui est le symbole chimique de l'Azote N
8%
Donne la seule lettre qui complète le nom du film (en extrait) où Kevin Spacey prétend être un extraterrestre : ?-PAX
K
4%
Aucun quiz correspondant
Distribution des résultats
% des personnes avec chaque résultat
Percentile par nombre de réponses
Votre historique - résultats
Vous n’avez pas pris ce quiz